| 000 | 00393nam a2200169Ia 4500 | ||
|---|---|---|---|
| 100 | _aMehrotra/Vivek | ||
| 650 | _aMotivation | ||
| 942 | _cBK | ||
| 366 | _f20 | ||
| 654 | _amotivate | ||
| 245 | _aWhy my horse does not drink:Learn to motivate people around you. | ||
| 260 |
_bViva Books _aMumbai _c2005 |
||
| 082 |
_a658.54/MEH _bMEH |
||
| 300 | _a163 | ||
| 546 | _aENGLISH | ||
| 999 |
_c34475 _d34475 |
||